Dôchodkové poistenie v komerčných poisťovniach bakalárska práca

Salvato in:
Dettagli Bibliografici
Autore principale: Onuferová, Martina
Ente Autore: Národohospodárska fakulta EU. Katedra poisťovníctva
Altri autori: Drugdová, Barbora
Natura: Libro
Lingua:slovacco
Pubblicazione: Bratislava 2016
Tags: Aggiungi Tag
Nessun Tag, puoi essere il primo ad aggiungerne!!

MARC

LEADER 00000nbm a2200000 4500
001 0219857
005 20161108123121.2
041 0 |a slo 
044 |a SK 
245 1 0 |a Dôchodkové poistenie v komerčných poisťovniach  |b bakalárska práca  |c Martina Onuferová ; školiteľ: Barbora Drugdová 
264 1 |a Bratislava  |c 2016 
300 |a 37 s. 
100 1 |a Onuferová, Martina 
700 1 |a Drugdová, Barbora 
710 2 |a Národohospodárska fakulta EU. Katedra poisťovníctva